Luchar contra el paro en el ámbito local : la experiencia de las entidades locales en el Programa del FSE de lucha contra el paro gestionado por la Diputación de Barcelona la experiencia de las entidades locales en el Programa del FSE de lucha contra el paro gestionado por la Diputación de Barcelona
Descripción Física:
170 p., taules ; 24 cm
Colección:
Cuadernos del Fondo Social Europeo ; 7
Materias:
Atur -- Barcelona (Província)
MARC
| LEADER | 00000nam a2200000Ia 4500 | ||
|---|---|---|---|
| 001 | 13145 | ||
| 008 | 160829s2000 xx 000 0 cat d | ||
| 080 | |a S-1-172 | ||
| 245 | |a Luchar contra el paro en el ámbito local : |b la experiencia de las entidades locales en el Programa del FSE de lucha contra el paro gestionado por la Diputación de Barcelona | ||
| 260 | |a Barcelona : |b Diputació de Barcelona, |c 2000 | ||
| 300 | |a 170 p., taules ; |c 24 cm | ||
| 490 | |a Cuadernos del Fondo Social Europeo ; 7 | ||
| 590 | |a Un altre exemplar en català: S-1-33 | ||
| 650 | |a Atur |x Barcelona (Província) |9 35618 | ||
| 710 | 1 | |a Barcelona (Catalunya : Província). |b Diputació |9 52408 | |
| 710 | 2 | |a Fons Social Europeu |9 7014 | |
| 901 | |a Arxiu | ||
| 942 | |n 1 | ||
| 952 | |0 0 |1 0 |4 0 |6 S1172 |7 1 |9 46995 |a Arxiu |b Arxiu |d 2016-12-01 |l 0 |o S-1-172 |p 13145 |r 2016-12-01 00:00:00 |w 2016-12-01 |y ARXIU | ||
| 999 | |c 50788 |d 50788 | ||